[Event "POL-chT 2nd League"]
[Site "Mrzezyno"]
[Date "2011.09.11"]
[Round "9.69"]
[White "Wajda, Mariusz"]
[Black "Zgadzaj, Rafal"]
[Result "1-0"]
[WhiteElo "1893"]
[BlackElo "2251"]
[PlyCount "39"]
[EventDate "2011.09.03"]
[EventType "team-swiss"]
[EventRounds "9"]
[EventCountry "POL"]
[SourceTitle "EXT 2019"]
[Source "ChessBase"]
[SourceDate "2018.10.10"]
[SourceVersion "1"]
[SourceVersionDate "2018.10.10"]
[SourceQuality "1"]
[WhiteTeam "Przemysl MKS Polonia"]
[BlackTeam "Chroscice LZS Victoria"]
[WhiteTeamCountry "POL"]
[BlackTeamCountry "POL"]

1. e4 d6 2. d4 Nf6 3. Nc3 g6 4. Be3 c6 5. Qd2 Qb6 6. 0-0-0 Bg7 7. f3 0-0 8. Bh6 e5 9. Bxg7 Kxg7 10. Nge2 Be6 11. g4 Bc4 12. h4 Bxe2 13. Nxe2 h5 14. Ng3 hxg4 15. Nf5+ gxf5 16. Qg5+ Kh7 17. Qxf5+ Kg8 18. Qxf6 Qd8 19. Qh6 f5 20. dxe5 1-0

[Event "POL-chT 2nd League"]
[Site "Mrzezyno"]
[Date "2011.09.09"]
[Round "7"]
[White "Wajda, Mariusz"]
[Black "Goluch, Piotr"]
[Result "0-1"]
[WhiteElo "1893"]
[BlackElo "2155"]
[PlyCount "60"]
[EventDate "2011.09.03"]
[EventType "team-swiss"]
[EventRounds "9"]
[EventCountry "POL"]
[SourceTitle "EXT 2015"]
[Source "ChessBase"]
[SourceDate "2014.11.20"]
[SourceVersion "1"]
[SourceVersionDate "2014.11.20"]
[SourceQuality "1"]
[WhiteTeam "Przemysl MKS Polonia"]
[BlackTeam "Bogatynia UKS SP3"]
[WhiteTeamCountry "POL"]
[BlackTeamCountry "POL"]

1. e4 c6 2. d4 d5 3. e5 Bf5 4. Bd3 Bxd3 5. Qxd3 e6 6. Nf3 Nd7 7. a3 c5 8. c3 Ne7 9. 0-0 Nf5 10. Bg5 Qb6 11. Nbd2 h6 12. Be3 c4 13. Qc2 g5 14. Kh1 g4 15. Ng1 Be7 16. Rfe1 h5 17. Reb1 g3 18. hxg3 Nxe3 19. fxe3 f5 20. exf6 Nxf6 21. e4 Qc7 22. e5 Ng4 23. Ndf3 0-0-0 24. Nh3 Rdg8 25. b3 h4 26. gxh4 Bxh4 27. Nxh4 Rxh4 28. bxc4 Ne3 29. Qf2 Nxg2 30. Kh2 Rxh3+ 0-1

[Event "POL-chT 2nd League"]
[Site "Mrzezyno"]
[Date "2011.09.08"]
[Round "6"]
[White "Plichta, Kamil"]
[Black "Wajda, Mariusz"]
[Result "1-0"]
[WhiteElo "2177"]
[BlackElo "1893"]
[PlyCount "71"]
[EventDate "2011.09.03"]
[EventType "team-swiss"]
[EventRounds "9"]
[EventCountry "POL"]
[SourceTitle "EXT 2015"]
[Source "ChessBase"]
[SourceDate "2014.11.20"]
[SourceVersion "1"]
[SourceVersionDate "2014.11.20"]
[SourceQuality "1"]
[WhiteTeam "Otwock UKS MDK"]
[BlackTeam "Przemysl MKS Polonia"]
[WhiteTeamCountry "POL"]
[BlackTeamCountry "POL"]

1. d4 Nf6 2. c4 e6 3. Nc3 d5 4. cxd5 exd5 5. Bg5 Be7 6. Qc2 c6 7. e3 Be6 8. Bd3 h6 9. Bh4 Nbd7 10. Nge2 Nb6 11. 0-0 0-0 12. f3 Rc8 13. Rad1 c5 14. Bf2 c4 15. Bf5 Qd7 16. Bxe6 fxe6 17. Nf4 Bd6 18. Ng6 Rfe8 19. e4 Bb8 20. e5 Nh7 21. f4 Nf8 22. Nh4 a6 23. g4 g5 24. fxg5 hxg5 25. Nf3 Qg7 26. Be3 Nh7 27. Qd2 Ba7 28. Nxg5 Nxg5 29. Bxg5 Nd7 30. Bf6 Qg6 31. Kh1 b5 32. h3 Rb8 33. h4 a5 34. h5 Qf7 35. Qh6 Qh7 36. Qg5+ 1-0

[Event "POL-chT 2nd League"]
[Site "Mrzezyno"]
[Date "2011.09.06"]
[Round "4"]
[White "Tustanowski, Robert"]
[Black "Wajda, Mariusz"]
[Result "1-0"]
[WhiteElo "2274"]
[BlackElo "1893"]
[PlyCount "93"]
[EventDate "2011.09.03"]
[EventType "team-swiss"]
[EventRounds "9"]
[EventCountry "POL"]
[SourceTitle "EXT 2015"]
[Source "ChessBase"]
[SourceDate "2014.11.20"]
[SourceVersion "1"]
[SourceVersionDate "2014.11.20"]
[SourceQuality "1"]
[WhiteTeam "Prudnik LKS Zarzewie"]
[BlackTeam "Przemysl MKS Polonia"]
[WhiteTeamCountry "POL"]
[BlackTeamCountry "POL"]

1. e4 e6 2. d3 d5 3. Qe2 Nf6 4. Nf3 b6 5. e5 Nfd7 6. g3 c5 7. Bg2 Nc6 8. 0-0 Qc7 9. Re1 Be7 10. c4 d4 11. h4 Bb7 12. Nbd2 0-0 13. Nf1 Rae8 14. N1h2 Nd8 15. Ng5 Bxg2 16. Kxg2 Qc6+ 17. Kg1 f6 18. exf6 Bxf6 19. Ne4 Nf7 20. Nf3 Bd8 21. a3 Bc7 22. b4 Nd6 23. b5 Qb7 24. Nxd6 Bxd6 25. Ng5 e5 26. Ne4 Bb8 27. Kg2 Nf6 28. Ra2 h6 29. Qf3 Nxe4 30. Qxe4 Qxe4+ 31. Rxe4 Re7 32. f3 Ref7 33. Rf2 Bc7 34. h5 Kh7 35. Rf1 Rf5 36. g4 R5f7 37. Bd2 Bd6 38. Be1 Rf4 39. Re2 Re8 40. Bg3 Rf7 41. f4 Rfe7 42. Rfe1 e4 43. Rxe4 Rxe4 44. Rxe4 Rxe4 45. dxe4 g6 46. hxg6+ Kxg6 47. f5+ 1-0

[Event "Wisla op"]
[Site "Wisla"]
[Date "2009.05.08"]
[Round "7"]
[White "Wajda, Mariusz"]
[Black "Zajaczkowski, Gwidon"]
[Result "1-0"]
[WhiteElo "1919"]
[BlackElo "1739"]
[PlyCount "94"]
[EventDate "2009.05.04"]
[EventType "swiss"]
[EventRounds "11"]
[EventCountry "POL"]
[SourceTitle "EXT 2012"]
[Source "ChessBase"]
[SourceDate "2011.11.24"]
[SourceVersion "1"]
[SourceVersionDate "2011.11.24"]
[SourceQuality "1"]

1. e4 e5 2. Nf3 Nf6 3. d3 Nc6 4. Be2 Be7 5. h3 d6 6. Be3 0-0 7. Nc3 d5 8. exd5 Nxd5 9. Bd2 Nf4 10. Bxf4 exf4 11. Qd2 Nd4 12. a3 Re8 13. 0-0-0 c6 14. Kb1 Bc5 15. Rhe1 Nxf3 16. Bxf3 Bd4 17. Rxe8+ Qxe8 18. Re1 Be6 19. Ne4 h6 20. Re2 g5 21. Qb4 Qd7 22. Nc5 Bxc5 23. Qxc5 a6 24. Qe5 Re8 25. Qf6 Bd5 26. Qxh6 Rxe2 27. Qxg5+ Kf8 28. Bxe2 Qe6 29. Qg4 Bxg2 30. Qxe6 fxe6 31. Bg4 Ke7 32. f3 c5 33. Kc1 Bf1 34. b3 b5 35. Kd2 c4 36. h4 cxb3 37. cxb3 a5 38. b4 axb4 39. axb4 Kf6 40. Kc3 Be2 41. Kd4 e5+ 42. Ke4 Bd1 43. Bd7 Ba4 44. d4 Bc2+ 45. Kd5 e4 46. fxe4 f3 47. Bxb5 Kg6 1-0

[Event "Polanica Zdroj op-B 44th"]
[Site "Polanica Zdroj"]
[Date "2008.08.26"]
[Round "8"]
[White "Borowicz, Miroslaw"]
[Black "Wajda, Mariusz"]
[Result "0-1"]
[WhiteElo "1917"]
[BlackElo "1927"]
[PlyCount "68"]
[EventDate "2008.08.19"]
[EventType "swiss"]
[EventRounds "10"]
[EventCountry "POL"]
[SourceTitle "CBM 126 Extra"]
[Source "ChessBase"]
[SourceDate "2008.11.05"]
[SourceVersion "1"]
[SourceVersionDate "2008.11.05"]
[SourceQuality "1"]

1. d4 Nf6 2. c4 e6 3. Nc3 d5 4. cxd5 exd5 5. Bg5 Be7 6. Nf3 0-0 7. e3 c6 8. Bd3 Bg4 9. Qb3 Bc8 10. 0-0 Nbd7 11. Rac1 Nh5 12. Bxe7 Qxe7 13. Rfe1 Nhf6 14. e4 dxe4 15. Nxe4 Nxe4 16. Bxe4 Qf6 17. Rc2 Nb6 18. Qe3 h6 19. Ne5 Be6 20. f4 Rad8 21. Rf2 Bf5 22. Bxf5 Qxf5 23. g4 Qe6 24. g5 hxg5 25. f5 Qf6 26. Ng4 Qxd4 27. Qxg5 Rfe8 28. Rxe8+ Rxe8 29. f6 Re1+ 30. Kg2 Qd5+ 31. Qxd5 Nxd5 32. fxg7 Ne3+ 33. Kf3 Nxg4 34. Kxg4 Kxg7 0-1

[Event "Polanica Zdroj op-B 44th"]
[Site "Polanica Zdroj"]
[Date "2008.08.23"]
[Round "5"]
[White "Wajda, Mariusz"]
[Black "Kowara, Magdalena"]
[Result "1-0"]
[WhiteElo "1927"]
[BlackElo "1763"]
[PlyCount "80"]
[EventDate "2008.08.19"]
[EventType "swiss"]
[EventRounds "10"]
[EventCountry "POL"]
[SourceTitle "CBM 126 Extra"]
[Source "ChessBase"]
[SourceDate "2008.11.05"]
[SourceVersion "1"]
[SourceVersionDate "2008.11.05"]
[SourceQuality "1"]

1. e4 c5 2. c3 d5 3. exd5 Qxd5 4. d4 e6 5. Nf3 Nc6 6. a3 Nf6 7. Bf4 Be7 8. c4 Qd8 9. Nc3 a6 10. d5 exd5 11. cxd5 Nb8 12. Bc4 Nh5 13. Be3 0-0 14. 0-0 b5 15. Ba2 Bb7 16. Rc1 c4 17. Bb1 g6 18. Bh6 Re8 19. g4 Ng7 20. Qd4 Bf6 21. Qf4 Bxc3 22. Rxc3 Qxd5 23. Qf6 Ne6 24. Re3 Nd7 25. Qc3 f6 26. Be4 Qxe4 27. Rxe4 Bxe4 28. Nd2 Nec5 29. g5 Ne5 30. gxf6 Nf7 31. Be3 Nd7 32. Qd4 Bf5 33. Nf3 Rad8 34. Qa7 Ra8 35. Qc7 h6 36. Nd4 Bh3 37. Qg3 Ng5 38. Bxg5 Bxf1 39. Kxf1 hxg5 40. Qxg5 Kh7 1-0

[Event "Polanica Zdroj op-B 44th"]
[Site "Polanica Zdroj"]
[Date "2008.08.21"]
[Round "3"]
[White "Budzinski, Jan"]
[Black "Wajda, Mariusz"]
[Result "1-0"]
[WhiteElo "1866"]
[BlackElo "1927"]
[PlyCount "91"]
[EventDate "2008.08.19"]
[EventType "swiss"]
[EventRounds "10"]
[EventCountry "POL"]
[SourceTitle "CBM 126 Extra"]
[Source "ChessBase"]
[SourceDate "2008.11.05"]
[SourceVersion "1"]
[SourceVersionDate "2008.11.05"]
[SourceQuality "1"]

1. e4 e6 2. d4 d5 3. Nd2 Nf6 4. e5 Nfd7 5. Bd3 c5 6. c3 Nc6 7. Ne2 Qb6 8. Nf3 cxd4 9. cxd4 Bb4+ 10. Kf1 f6 11. exf6 Nxf6 12. g3 0-0 13. Kg2 Ne4 14. Qc2 Bd7 15. Bxe4 dxe4 16. Qxe4 Ne7 17. Ne5 Bb5 18. Nf4 Nf5 19. a4 Be8 20. Nf3 Rf6 21. d5 Nd6 22. Qd3 Rc8 23. a5 Bxa5 24. Be3 Qb4 25. Bd4 Bb5 26. Qd1 Rxf4 27. gxf4 b6 28. dxe6 Nf5 29. Be5 Bc6 30. Rc1 h6 31. h4 Qe4 32. Rh3 b5 33. e7 Nxe7 34. Qb3+ Kh8 35. Qe6 Be8 36. Qxh6+ Qh7 37. Bxg7+ Kg8 38. Qxh7+ Kxh7 39. Bc3 Nf5 40. Kh2 Bb6 41. Ng5+ Kg8 42. h5 Bxf2 43. h6 Ne3 44. h7+ Kf8 45. h8Q+ Ke7 46. Qf6+ 1-0

[Event "IPCA Wch-B 8th"]
[Site "Wisla"]
[Date "2007.05.16"]
[Round "2"]
[White "Uogele, Anicetas B"]
[Black "Wajda, Mariusz"]
[Result "1-0"]
[WhiteElo "2184"]
[BlackElo "1951"]
[PlyCount "67"]
[EventDate "2007.05.15"]
[EventType "swiss"]
[EventRounds "9"]
[EventCountry "POL"]
[SourceTitle "EXT 2011"]
[Source "ChessBase"]
[SourceDate "2010.11.26"]
[SourceVersion "1"]
[SourceVersionDate "2010.11.26"]
[SourceQuality "1"]

1. c4 Nf6 2. Nc3 c6 3. e4 e5 4. Nf3 d6 5. d4 Bg4 6. Be2 Qc7 7. 0-0 Be7 8. b3 0-0 9. Bb2 Na6 10. Qd2 h6 11. Rad1 Rad8 12. h3 Bxf3 13. Bxf3 exd4 14. Qxd4 b6 15. Ne2 Nc5 16. Ng3 Ne6 17. Qe3 Nh7 18. Nh5 Bg5 19. Qc3 Nf6 20. Ng3 Nh7 21. e5 dxe5 22. Qxe5 c5 23. Qxc7 Nxc7 24. Be5 Na6 25. Bb7 Nb4 26. Bc7 Rxd1 27. Rxd1 Nc2 28. Nf5 g6 29. Be4 Na3 30. Nd6 Nf6 31. Bd3 Nh7 32. Ne4 Bd8 33. Bf4 g5 34. Bc1 1-0